| 000 | 01392nam a2200361 i 4500 | ||
|---|---|---|---|
| 005 | 20220317000142.0 | ||
| 007 | ta | ||
| 008 | 210806s2005 ck ao b 000 0 spa d | ||
| 020 | _a9583015326 | ||
| 040 |
_aCO-BoRNBP _bspa _cCO-BoRNBP _erda |
||
| 041 | 1 |
_aspa _heng |
|
| 082 | 0 | 4 |
_a788.9 _bA71a _222 |
| 100 | 1 |
_aArchibald, Paul _d1907-1997 _eautor |
|
| 245 | 1 | 0 |
_aAprende trompeta y los vientos de metal _cPaul Archibald ; ilustrado por Ron Hayward, David West, David Russell ; traducción Michael J. Evans H |
| 250 | _aPrimera edición | ||
| 264 | 1 |
_aBogotá _bPanamericana _c2005 |
|
| 300 |
_a32 páginas _bilustraciones y fotografías a color _c30 cm |
||
| 336 |
_atexto _btxt _2rdacontent |
||
| 337 |
_asin mediación _bn _2rdamedia |
||
| 338 |
_avolumen _bnc _2rdacarrier |
||
| 490 | 0 | _aEl joven músico | |
| 500 | _aIncluye glosario e índice al final del texto | ||
| 521 | _aRecomendado para un público infantil mayor de 9 años | ||
| 534 | _tPlaying the trumpet and brass | ||
| 650 | 1 | 7 |
_aInterpretación musical _xLiteratura infantil _2LEMB |
| 650 | 1 | 7 |
_aInstrumentos de viento _xLiteratura infantil _2LEMB |
| 650 | 1 | 7 |
_aTrompetas _xLiteratura infantil _2LEMB |
| 700 | 1 |
_aEvans H., Michael J. _etraductor _9178953 |
|
| 700 | 1 |
_aHayward, Ron _eilustrador _917880 |
|
| 700 | 1 |
_aWest, David _eilustrador _9178954 |
|
| 700 | 1 |
_aRussell, David _eilustrador _9178955 |
|
| 942 |
_2ddc _cBKINF |
||
| 999 |
_c3241 _d3241 |
||